Vaiyākaraṇasiddhāntalaghumañjūṣā. (Record no. 67762)
[ view plain ]
| 000 -LEADER | |
|---|---|
| fixed length control field | 00777cam a22002651 4500 |
| 001 - CONTROL NUMBER | |
| control field | sa 66001381 |
| 003 - CONTROL NUMBER IDENTIFIER | |
| control field | DLC |
| 005 - DATE AND TIME OF LATEST TRANSACTION | |
| control field | 20260227112221.0 |
| 008 - FIXED-LENGTH DATA ELEMENTS--GENERAL INFORMATION | |
| fixed length control field | 910624s1963 ii 000 0 sano |
| 010 ## - LIBRARY OF CONGRESS CONTROL NUMBER | |
| LC control number | sa 66001381 |
| 035 ## - SYSTEM CONTROL NUMBER | |
| System control number | (OCoLC)23982762 |
| 040 ## - CATALOGING SOURCE | |
| Original cataloging agency | DLC |
| Transcribing agency | WaU |
| Modifying agency | DLC |
| 041 0# - LANGUAGE CODE | |
| Language code of text/sound track or separate title | saneng |
| 042 ## - AUTHENTICATION CODE | |
| Authentication code | premarc |
| 050 00 - LIBRARY OF CONGRESS CALL NUMBER | |
| Classification number | PK541 |
| Item number | .N35 |
| 100 0# - MAIN ENTRY--PERSONAL NAME | |
| Personal name | Nāgeśabhaṭṭa, |
| Dates associated with a name | active 1670-1750. |
| 245 10 - TITLE STATEMENT | |
| Title | Vaiyākaraṇasiddhāntalaghumañjūṣā. |
| 260 ## - PUBLICATION, DISTRIBUTION, ETC. | |
| Date of publication, distribution, etc. | [1963] |
| 300 ## - PHYSICAL DESCRIPTION | |
| Extent | 2, 8, 10, 2, 537 p. |
| Dimensions | 23 cm. |
| 440 #0 - SERIES STATEMENT/ADDED ENTRY--TITLE | |
| Title | Kāśī Saṃskr̥ta granthamālā ; |
| Volume/sequential designation | 163 |
| 500 ## - GENERAL NOTE | |
| General note | In Sanskrit; foreword in English. |
| 500 ## - GENERAL NOTE | |
| General note | Added t. p. in English. |
| 650 #0 - SUBJECT ADDED ENTRY--TOPICAL TERM | |
| Topical term or geographic name entry element | Sanskrit language |
| General subdivision | Grammar. |
| 700 1# - ADDED ENTRY--PERSONAL NAME | |
| Personal name | Upadhyaya, Sabhapati Sharma. |
| Title of a work | Ratnaprabhā. |
No items available.